000 01062nam a2200253 a 4500
001 000403880
003 AM-YeHGA
005 20250618072403.0
008 050119s1933 ai 000 | arm d
040 _aAM-YeHGA
041 0 _aarm
_arus
100 1 _aՄանանդյան, Հակոբ Համազասպի,
_d1873-1952
_9841
245 1 0 _aԽորենացու առեղծվածի լուծումը :
_bԹեզիսներ Կուլտուրայի պատմության ինստիտուտում կարդացված զեկուցման /
_cՀ. Մանանդյան.
246 1 1 _aРазрешение проблемы Хоренского
246 1 1 _aDie losung des problems des Moses Chorenathsi
260 _aՅերևան :
_bԱ. հ.,
_c1933.
300 _a21 էջ ;
_c20 սմ.
500 _aՏողատ. ծանոթ.
546 _aՏեքստը՝ հայ., ռուս. և օտար լեզ.
600 0 4 _aՄովսես Խորենացի,
_dV դ.
650 1 4 _aՀայոց պատմության նշանավոր գործիչներ
_94559
942 _2udc
_cBK
090 _c154691
999 _c153295
_d153295